| 000 | 00696 a2200193 4500 | ||
|---|---|---|---|
| 020 | _a158488603X | ||
| 020 | _a9781584886037 | ||
| 082 | 0 | 4 | _a512.66 |
| 090 |
_c1402 _d1402 |
||
| 100 | 1 | _aKuku, Aderemi. | |
| 245 | 1 | 0 |
_aRepresentation theory and higher algebraic K-theory / _cAderemi Kuku. |
| 260 |
_a[S.l.] : _bChapman and Hall/CRC, _c2007. |
||
| 300 |
_a442 p. ; _c24 cm. |
||
| 490 | 1 | _aChapman & hall/crc pure and applied mathematics. | |
| 700 | _aKuku, Aderemi. | ||
| 830 | 0 | _aChapman & hall/crc pure and applied mathematics. | |
| 942 |
_aSNS _cBK _k512.66 KUK |
||
| 999 |
_c30014 _d30014 |
||